Modelling and parameter estimation of dynamic systems / (Record no. 175400)

000 -LEADER
fixed length control field 01601 a2200301 4500
003 - CONTROL NUMBER IDENTIFIER
control field Nust
005 - DATE AND TIME OF LATEST TRANSACTION
control field 20230217124016.0
010 ## - LIBRARY OF CONGRESS CONTROL NUMBER
LC control number 2004478693
020 ## - INTERNATIONAL STANDARD BOOK NUMBER
International Standard Book Number 0863413633
035 ## - SYSTEM CONTROL NUMBER
System control number (OCoLC)ocm56539396
040 ## - CATALOGING SOURCE
Transcribing agency Nust
082 04 - DEWEY DECIMAL CLASSIFICATION NUMBER
Classification number 519.5,RAO
100 1# - MAIN ENTRY--PERSONAL NAME
Personal name Raol, J. R.
9 (RLIN) 109219
245 10 - TITLE STATEMENT
Title Modelling and parameter estimation of dynamic systems /
Statement of responsibility, etc. J.R. Raol, G. Girija, and J. Singh.
260 ## - PUBLICATION, DISTRIBUTION, ETC.
Place of publication, distribution, etc. London :
Name of publisher, distributor, etc. Institution of Electrical Engineers,
Date of publication, distribution, etc. c2004.
300 ## - PHYSICAL DESCRIPTION
Extent xiv, 388 p. :
Other physical details ill. ;
Dimensions 25 cm.
440 #0 - SERIES STATEMENT/ADDED ENTRY--TITLE
Title IEE control engineering series ;
Volume/sequential designation 65
505 ## - FORMATTED CONTENTS NOTE
Formatted contents note Introduction (Page-1), Least Squares Methods (Page-13), Output Error Methods (Page-37), Filtering Methods (Page-65), Filter error Methods (Page-105), Determination of Model order Structure (Page-123), Estimation before Modeling Approach (Page-149), Approach Based on the Concepts of Model Error (Page-165), Parameters Estimation Approaches for Unstable Augmented Systems (Page-185), Parameters Estimation using Artificial Neural Networks and Genetic Algorithms (Page-233), Real- Time Parameters Estimation (Page-283).
650 #0 - SUBJECT ADDED ENTRY--TOPICAL TERM
Topical term or geographic name entry element Mathematical models.
9 (RLIN) 3646
650 #0 - SUBJECT ADDED ENTRY--TOPICAL TERM
Topical term or geographic name entry element Parameter estimation.
9 (RLIN) 39511
650 #0 - SUBJECT ADDED ENTRY--TOPICAL TERM
Topical term or geographic name entry element Systems engineering
General subdivision Mathematical models.
700 1# - ADDED ENTRY--PERSONAL NAME
Personal name Girija, G.
Dates associated with a name 1954-
9 (RLIN) 109220
700 1# - ADDED ENTRY--PERSONAL NAME
Personal name Singh, J.,
9 (RLIN) 109221
710 2# - ADDED ENTRY--CORPORATE NAME
Corporate name or jurisdiction name as entry element Institution of Electrical Engineers.
856 42 - ELECTRONIC LOCATION AND ACCESS
Materials specified Publisher description
Uniform Resource Identifier <a href="http://www.loc.gov/catdir/enhancements/fy0631/2004478693-d.html">http://www.loc.gov/catdir/enhancements/fy0631/2004478693-d.html</a>
856 42 - ELECTRONIC LOCATION AND ACCESS
Materials specified Table of contents only
Uniform Resource Identifier <a href="http://www.loc.gov/catdir/enhancements/fy0631/2004478693-t.html">http://www.loc.gov/catdir/enhancements/fy0631/2004478693-t.html</a>
942 ## - ADDED ENTRY ELEMENTS (KOHA)
Koha item type Reference
Source of classification or shelving scheme
Holdings
Withdrawn status Lost status Source of classification or shelving scheme Damaged status Not for loan Permanent Location Current Location Shelving location Date acquired Full call number Barcode Date last seen Price effective from Koha item type Public note
          Military College of Signals (MCS) Military College of Signals (MCS) Reference 12/12/2016 519.5,RAO MCS31068 12/08/2016 12/12/2016 Reference Almirah No.71, Shelf No.3
© 2023 Central Library, National University of Sciences and Technology. All Rights Reserved.